Obchodovanie na verejnom trhu v kontexte splnenia nevyhnutnej podmienky pre aplikáciu IFRS pre MSP

Nevyhnutnou podmienkou pre možnosť aplikácie IFRS pre MSP je splnenie kritérií stanovených v štandarde. Definícia verejnej zodpovednosti účtovných jednotiek obsahuje pojem "obchodované na verejnom trhu", ktorý v tejto súvislosti nie je bližšie špecifikovaný.

Saved in:
Bibliographic Details
Main Author: Ješš, Michal, 1986-
Format: Book Chapter
Language:Slovak
Subjects:
Tags: Add Tag
No Tags, Be the first to tag this record!

MARC

LEADER 00000nla a2200000 4500
001 0152016
005 20240502072721.1
041 0 |a slo 
044 |a SK 
245 1 0 |a Obchodovanie na verejnom trhu v kontexte splnenia nevyhnutnej podmienky pre aplikáciu IFRS pre MSP  |c Michal Ješš 
520 |a Nevyhnutnou podmienkou pre možnosť aplikácie IFRS pre MSP je splnenie kritérií stanovených v štandarde. Definícia verejnej zodpovednosti účtovných jednotiek obsahuje pojem "obchodované na verejnom trhu", ktorý v tejto súvislosti nie je bližšie špecifikovaný. 
610 2 0 |a účtovníctvo 
610 2 0 |a jednotka účtovná 
610 2 0 |a imanie vlastné 
610 2 0 |a vzťahy zúčtovacie 
610 2 0 |a investovanie kolektívne 
610 2 0 |a výkazníctvo finančné 
610 2 0 |a závierka účtovná 
610 2 0 |a IFRS 
100 1 |a Ješš, Michal, 1986-